000 00488nam a22001697a 4500
999 _c523732
_d523732
003 NUST
038 _awaseem
082 _a891.42
_bPUN
100 _aZaman, Chudary Yasir
_914504
245 _aMuzwai Punjabi Punjab Rang /
_cChudary Yasir Zaman
260 _aKarachi :
_bWorld Times,
_c1923.
300 _a416 p. ;
500 _aPaperback.
880 _6100-02\r
_aجوہدری یاسر زمان
880 _6245-02\r
_aموضوعی پنجابی پنجاب رنگ /
942 _2ddc
_cBK